| 000 | 00888nam a22002537a 4500 | ||
|---|---|---|---|
| 003 | BUBTL | ||
| 008 | 240306b ||||| |||| 00| 0 eng d | ||
| 020 | _a9789354535383 | ||
| 041 | _aeng | ||
| 082 | _a657/ M2779t/ 2022 | ||
| 100 |
_95715 _aMaheshwari, S. N. |
||
| 245 |
_aA Textbook of Accounting for Management / _c S N Maheshwari, Suneel K Maheshwari, Sharad K Maheshwari |
||
| 250 | _a5th ed | ||
| 260 |
_aIndia: _bVikas Publishing House Private Limited, _cc2022 |
||
| 300 |
_axiii, 1000 p. : _c24 cm. |
||
| 500 | _aIncludes Index | ||
| 505 | _aA Textbook of Accounting for Management, Accounting Fundamentals, Cost and Management Accounting, Financial Analysis | ||
| 650 | 0 |
_95 _aAccounting |
|
| 700 |
_95716 _aMaheshwari, Suneel K |
||
| 700 |
_95717 _aMaheshwari, Sharad K |
||
| 856 |
_k0 _l0 _yDownload |
||
| 942 |
_2ddc _cBK |
||
| 999 |
_c7244 _d7244 |
||